000 00467 a2200169 4500
003 OSt
005 20240110133321.0
008 240110b |||||||| |||| 00| 0 eng d
020 _a9789382581635
040 _coclc
082 _a297
_bMAS/a
100 _aMaster, Muhammadali
_910252
245 _aAllahu Bibilil /
_cMuhammadali Master
260 _aKerala:
_bDa'wa books,
_c2015.
300 _a78p
942 _2ddc
_cBK
_h297
_iMAS/A
_k297
_mMAS/A
999 _c43078
_d43078